'Día de Cataluña' en Santiago : Año jubilar de 1965 Año jubilar de 1965
Descripción Física:
87 p. : il. ; 26 cm
Materias:
Dies festius
MARC
| LEADER | 00000nam a2200000Ia 4500 | ||
|---|---|---|---|
| 001 | 2337 | ||
| 008 | 160829s1966 xx 000 0 cat d | ||
| 080 | |a M-3-224 | ||
| 245 | |a 'Día de Cataluña' en Santiago : |b Año jubilar de 1965 | ||
| 260 | |a Barcelona : |b Diputación Provincial de Barcelona, |c 1966 | ||
| 300 | |a 87 p. : |b il. ; |c 26 cm | ||
| 650 | |a Dies festius |9 40521 | ||
| 901 | |a Arxiu | ||
| 942 | |n 1 | ||
| 952 | |0 0 |1 0 |4 0 |6 M3224 |7 1 |9 41661 |a Arxiu |b Arxiu |d 2016-12-01 |l 0 |o M-3-224 |p 2337 |r 2016-12-01 00:00:00 |w 2016-12-01 |y ARXIU | ||
| 999 | |c 43551 |d 43551 | ||